00820nam a2200217 i 450000100060000000300090000600500170001500700030003200800410003508000230007608000230009911000580012224500540018026000720023430000210030661000580032765000310038585200230041699900170043995201460045623967ES-MaACL20230906152951.0t|021213s1866 sp ||||1| spa d a061.235(460.27 M.) a616.932(460.27 M.)2 aSociedad de los Amigos de los Pobres (Madrid)917599714aLos Amigos de los Pobres al Senado y al Congreso. aMadrid : b[s.n.], c1866 (fImp. Universal, a cargo de Lucas Polo) a46 p. ; c26 cm.2 aSociedad de los Amigos de los Pobres (Madrid)9175997 4aCólera-zMadrid.91418874 aES-MaACLjT-60-F-2 c23967d23967 001040708Colección_de_folletosaATENEOMbATENEOMcDEPOFd2008-01-17eSCl0oT-60-F-2p1024703r2023-02-23 00:00:00w2023-02-23yFOLLETOS